Gã con lai và người mẫu Tiểu thuyết

Сохранить в:
Библиографические подробности
Главный автор: Falcore Colin
Другие авторы: Vĩnh Khôi (dịch)
Формат:
Язык:Vietnamese
Опубликовано: H. Văn học 2003
Предметы:
Метки: Добавить метку
Нет меток, Требуется 1-ая метка записи!
Thư viện lưu trữ: Mạng thư viện Đại học Đà Nẵng
LEADER 01129nam a2200349 4500
001 000004968
003 1110
005 20120509080510.0
008 110805s2003 viesd
020 |c 65000đ 
041 0 |a vie 
082 |a 899  |b FA-C 
100 0 |a Falcore Colin 
245 0 |a Gã con lai và người mẫu  |b Tiểu thuyết  |c Falcore Colin ; Vĩnh Khôi dịch. 
260 |a H.  |b Văn học  |c 2003 
300 |a 640 tr  |c 19 cm 
500 |a Văn học hiện đại Australia 
653 |a Văn học hiện đại 
653 |a Tiểu thuyết 
653 |a Australia 
700 |a Vĩnh Khôi  |e dịch 
910 |a Nguyễn Thị Kim Oanh  |d 05/ 08/ 2011 
OWN |a LSP 
AVA |a UDN50  |b LSP  |d 899 FA-C  |e available  |t Error 5001 Not defined in file expand_doc_bib_avail.  |f 3  |g 0  |h N  |i 0  |k 1 
999 |a From the UDN01 
AVA |a UDN50  |b LSP  |d 899 FA-C  |e available  |t Error 5001 Not defined in file expand_doc_bib_avail.  |f 3  |g 0  |h N  |i 0  |k 1 
TYP |a Monograph 
TYP |a Printed language 
980 |a Mạng thư viện Đại học Đà Nẵng